000 01187nam a2200289 a 4500
005 20200104041523.0
008 140120b1997 ck ||||| |||| 00| 0 spa d
041 _aspa
044 _ack
090 _aIAvH
_b00060
100 _aFeliciano Cáceres, José Orlando
_926533
245 _aEstado actual del programa cóndor andino en Colombia evaluación de la población silvestre de cóndor andino (Vultur gryphus), en la Sierra Nevada de Santa Marta
260 _aVilla de Leyva (Boyacá)
_bInstituto Alexander von Humboldt
_bBiocolombia
_bConservation International Colombia
_c1997
300 _a135.p
505 _aVol. 1: Informe final de las actividades realizadas hasta agosto de 1997
650 _aProyecto Condor Andino (Colombia)
_94244
650 _aEcología de poblaciones
_93557
650 _aConservación de biodiversidad
_9345
650 _aResultados
_926534
700 _aAcosta, Alberto
_94246
700 _aFeliciano Cáceres, José Orlando
_926535
700 _aOrozco Rey, Ramón Hernando
_94248
700 _aRodríguez Moreno, Javier
_94249
700 _aRodríguez Niño, Oscar Alfonso
_94250
700 _aSalazar, Marcela
_94251
942 _cINFORME
_2z
_01
999 _c1695
_d1695